00402 2200157 4500001002100000005001500021035002000036245005700056100001700113300002700130260003100157082000800188084001400196020002200210990001200232INLIS00000000000267220250903094234 a0010-09250000191 aYuk, Jaga Diri Dari Adiksi /cDr. Ellen Wijaya, Sp.A0 aEllen Wijaya a50 hlm ;c14,5 x 21 cm aJakarta :bErlangga,c2022 a600 a600 ELL y a978-623-266-561-3 a0755350